[Event "BCF-chT2a 1617 (4NCL)"]
[Site "England"]
[Date "2017.03.04"]
[Round "7.22"]
[White "Norton, David"]
[Black "Edgell, Ben P"]
[Result "1/2-1/2"]
[WhiteElo "2170"]
[BlackElo "2131"]
[PlyCount "114"]
[EventDate "2016.11.19"]
[EventType "team-tourn"]
[EventRounds "11"]
[EventCountry "ENG"]
[SourceTitle "EXT 2019"]
[Source "ChessBase"]
[SourceDate "2018.10.10"]
[SourceVersion "1"]
[SourceVersionDate "2018.10.10"]
[SourceQuality "1"]
[WhiteTeam "Sussex Martlets"]
[BlackTeam "West is Best"]
[WhiteTeamCountry "ENG"]
[BlackTeamCountry "ENG"]

1. Nf3 e6 2. g3 Nf6 3. Bg2 d5 4. 0-0 Be7 5. d4 0-0 6. c4 c6 7. Nbd2 b6 8. Qc2 Ba6 9. Rd1 Nbd7 10. b3 Rc8 11. e4 Bb7 12. e5 Ne8 13. Nf1 Nc7 14. Ne3 dxc4 15. bxc4 b5 16. h4 Nb6 17. Rb1 bxc4 18. Nxc4 Ncd5 19. Na5 Qd7 20. Ng5 Bxg5 21. hxg5 Qe7 22. Be4 g6 23. Qb3 Ba6 24. Ba3 Qxg5 25. Bxf8 Kxf8 26. Bd3 Bb5 27. Rdc1 Ba4 28. Qa3+ Kg7 29. Nc4 Ra8 30. Bf1 h5 31. Qf3 h4 32. Nd6 Rf8 33. Ne4 Qe7 34. Re1 Bc2 35. Rbc1 Bxe4 36. Rxe4 hxg3 37. fxg3 Qb4 38. Rxc6 Qa4 39. Rc1 Qxa2 40. Qe2 Qa3 41. Qe1 Rd8 42. Ra1 Qe7 43. Rh4 Rh8 44. Qe4 Rxh4 45. Qxh4 Qxh4 46. gxh4 Ne3 47. Rxa7 Nf5 48. Rb7 Nd5 49. Bc4 Nxd4 50. Bxd5 exd5 51. Rd7 Nf3+ 52. Kf2 Nxe5 53. Rxd5 Ng4+ 54. Kf3 Nh6 55. Ra5 Nf5 56. Kg4 Nd4 57. Ra6 Ne6 1/2-1/2

[Event "BCF-chT3 0910 (4NCL)"]
[Site "England"]
[Date "2010.03.27"]
[Round "7.4"]
[White "Norton, David"]
[Black "Lunn, Matthew"]
[Result "1/2-1/2"]
[WhiteElo "2106"]
[BlackElo "1905"]
[PlyCount "55"]
[EventDate "2009.10.24"]
[EventType "team-tourn"]
[EventRounds "11"]
[EventCountry "ENG"]
[SourceTitle "EXT 2011"]
[Source "ChessBase"]
[SourceDate "2010.11.26"]
[SourceVersion "1"]
[SourceVersionDate "2010.11.26"]
[SourceQuality "1"]
[WhiteTeam "Sussex Smart Controls"]
[BlackTeam "KJCA Kings"]
[WhiteTeamCountry "ENG"]
[BlackTeamCountry "ENG"]

1. Nf3 g6 2. d4 Nf6 3. Nc3 d5 4. Bf4 Bg7 5. e3 0-0 6. Be2 Nbd7 7. Ne5 c6 8. 0-0 Nxe5 9. Bxe5 Be6 10. Na4 Nd7 11. Bxg7 Kxg7 12. b3 b6 13. c4 f6 14. Qd2 Bf7 15. Rfd1 Rc8 16. Nc3 e6 17. b4 dxc4 18. Bxc4 Qe7 19. Rab1 Rfd8 20. Qb2 e5 21. d5 cxd5 22. Nxd5 Bxd5 23. Bxd5 Nf8 24. h3 Rc7 25. Rd2 Rcd7 26. Rbd1 Ne6 27. Bc4 Rxd2 28. Rxd2 1/2-1/2